00362nam a2200133Ia 4500008004100000020001500041050002300056245004800079260002700127300001500154650001300169980003100182999001500213151021s9999 xx 000 0 und d a8170463076 aPN 1016 .653 2003  a_Classic writings on poetry William Harmon  aCalcutta seagull 2006  axii,538p.  a_poetry  a^d20110330 12:18:27^okorir c6995d6995